000 00171 a2200097 4500
020 _a0717287017
041 _aeng
100 _aWalt Disney
245 _aDumbo
942 _cBK
999 _c31846
_d31844